| 000 | 00863cam a22002894a 4500 | ||
|---|---|---|---|
| 008 | |||
| 020 | _a9781451184471 (pbk.) | ||
| 049 | _aMAIN | ||
| 090 |
_aQM23.2 _bMOO |
||
| 100 | 1 | _aMoore, Keith L. | |
| 245 | 1 | 0 |
_aClinically oriented anatomy / _cKeith L. Moore, Arthur F. Dalley II [and] Anne M.R. Agur. |
| 250 | _a7th ed. | ||
| 260 |
_aPhiladelphia : _bWolters Kluwer, _c2014. |
||
| 300 |
_axxviii, 1134 p. : _bcol. ill. ; _c28 cm. |
||
| 504 | _aIncludes bibliographical references. | ||
| 500 | _aIncludes index. | ||
| 650 | 0 | _aHuman anatomy. | |
| 650 | 0 | _aAnatomy, Pathological. | |
| 650 | 1 | 2 | _aAnatomy. |
| 700 | 1 | _aDalley, Arthur F. | |
| 700 | 1 | _aAgur, Anne M. R. | |
| 907 |
_a.b1034312x _b21-01-19 _c09-06-14 |
||
| 003 | |||
| 005 | 20230120204137.0 | ||
| 040 | _cNUST | ||
| 942 |
_cBOOKS _kQM23.2 _mMOO |
||
| 999 |
_c117913 _d117913 |
||